Textbook of surveying : for degree, diploma students, practising engineers, surveyors and A.M.I.E (Record no. 5247)
[ view plain ]
| 000 -LEADER | |
|---|---|
| fixed length control field | 00572nam a2200157Ia 4500 |
| 003 - CONTROL NUMBER IDENTIFIER | |
| control field | SGT |
| 020 ## - INTERNATIONAL STANDARD BOOK NUMBER | |
| International Standard Book Number | 9788174092359 |
| 082 ## - DEWEY DECIMAL CLASSIFICATION NUMBER | |
| Classification number | 526.9 |
| Item number | AGO |
| 100 ## - MAIN ENTRY--PERSONAL NAME | |
| Personal name | Agor, R. |
| 245 ## - TITLE STATEMENT | |
| Title | Textbook of surveying : for degree, diploma students, practising engineers, surveyors and A.M.I.E |
| 260 ## - PUBLICATION, DISTRIBUTION, ETC. (IMPRINT) | |
| Name of publisher, distributor, etc | Khanna Publishers |
| Place of publication, distribution, etc | Delhi |
| Year of Publication | 2011 |
| 300 ## - PAGE DESCRIPTION | |
| No. of Pages | 1060p. |
| 650 ## - SUBJECT ADDED ENTRY--TOPICAL TERM | |
| Topical term or geographic name as entry element | civil engineering |
| 653 ## - KEYWORDS--INDEX TERM | |
| Keyword term | linear measurements, chain surveying, compass surveying, plane table surveying, contouring, minor instruments, theodolite traversing, thermometric surveying |
| 942 ## - ADDED ENTRY ELEMENTS (KOHA) | |
| Source of classification or shelving scheme | Dewey Decimal Classification |
| Koha item type | Books |
| 942 ## - ADDED ENTRY ELEMENTS (KOHA) | |
| -- | 2 |
| Withdrawn status | Lost status | Source of classification or shelving scheme | Damaged status | Not for loan | Home library | Current library | Date acquired | SGTU | Total Checkouts | Full call number | Accession No. (Barcode) | Date last seen | Date last borrowed | Bill Date | Koha item type |
|---|---|---|---|---|---|---|---|---|---|---|---|---|---|---|---|
| Dewey Decimal Classification | SGT Engineering Library | SGT Engineering Library | 28/06/2011 | SGTU | 2 | 526.9 AGO | FE3528 | 20/07/2022 | 20/05/2022 | 09/02/2015 | Books | ||||
| Dewey Decimal Classification | SGT Engineering Library | SGT Engineering Library | 28/06/2011 | SGTU | 526.9 AGO | FE3529 | 09/02/2015 | 09/02/2015 | Books | ||||||
| Dewey Decimal Classification | SGT Engineering Library | SGT Engineering Library | 28/06/2011 | SGTU | 526.9 AGO | FE3530 | 09/02/2015 | 09/02/2015 | Books | ||||||
| Dewey Decimal Classification | SGT Engineering Library | SGT Engineering Library | 28/06/2011 | SGTU | 526.9 AGO | FE3531 | 09/02/2015 | 09/02/2015 | Books | ||||||
| Dewey Decimal Classification | SGT Engineering Library | SGT Engineering Library | 28/06/2011 | SGTU | 526.9 AGO | FE3532 | 09/02/2015 | 09/02/2015 | Books |